Vista normal
Vista MARC
Entrada Nombre de reunión
Número de registros utilizados en: 1
001 - NÚMERO DE CONTROL
- Campo de control: 886
003 - IDENTIFICADOR DE NÚMERO DE CONTROL
- Campo de control: ES-MaCES
005 - FECHA Y HORA DE LA ULTIMA MODIFICACION
- Campo de control: 20040730113400.0
008 - ELEMENTOS DE DATOS DE LONGITUD FIJA
- Campo de longitud fija: 040730 | azznnaabn |n ana d
035 ## - NÚMERO DE CONTROL DEL SISTEMA
- Número de control del sistema: CES20040000459c
040 ## - FUENTE DE LA CATALOGACIÓN
- Agencia original de catalogación: ES-MaCES
- Idioma de catalogación: spa
- Agencia de transcripción: ES-MaCES
111 2# - ENCABEZAMIENTO--NOMBRE DE REUNIÓN
- Nombre de reunión o jurisdicción como elemento de entrada: Coloquio Ibérico de Cooperativismo y Economía Social
- Número de parte/sección/reunión: 2º
- Fecha de reunión: 2001
- Lugar de la reunión: Oporto
670 ## - FUENTE DE DATOS ENCONTRADOS
- Fuente de citación: CD del CES
901 ## - CES. DATOS SIRTEX
- ID Sirtex (N5N8): 0002400000971
- 005BIS Sirtex: 200407301134ALORITE

